ARRUPE JESUIT UNIVERSITY

CORONAVIRUS -STOP THE SPREAD - CLEAN,DISINFECT,COVER

Nairobi-Mombassa local poems (Record no. 121506)

MARC details
000 -LEADER
fixed length control field 00398nam a22001337a 4500
005 - DATE AND TIME OF LATEST TRANSACTION
control field 20150107134125.0
008 - FIXED-LENGTH DATA ELEMENTS--GENERAL INFORMATION
fixed length control field 141212b xxu||||| |||| 00| 0 eng d
050 ## - LIBRARY OF CONGRESS CALL NUMBER
Classification number PR9160.O6
Item number N3
100 ## - MAIN ENTRY--PERSONAL NAME
Personal name Oppenheimer, Erik Anastase
9 (RLIN) 13424
245 ## - TITLE STATEMENT
Title Nairobi-Mombassa local poems
Remainder of title
Statement of responsibility, etc Oppenheimer, Erik Anastase
260 ## - PUBLICATION, DISTRIBUTION, ETC. (IMPRINT)
Place of publication, distribution, etc Lugano
Name of publisher, distributor, etc Orion Press
Date of publication, distribution, etc 1973
300 ## - PHYSICAL DESCRIPTION
Extent 24p.;
Dimensions 21cm.
942 ## - ADDED ENTRY ELEMENTS (KOHA)
Source of classification or shelving scheme Library of Congress Classification
Item type Monograph ( Printed materials)
Holdings
Withdrawn status Lost status Source of classification or shelving scheme Damaged status Not for loan Collection code Home library Current library Shelving location Date acquired Total Checkouts Full call number Barcode Date last seen Price effective from Koha item type
    Library of Congress Classification     Main Collection ARRUPE LIBRARY ARRUPE LIBRARY Main Collection 12/12/2014   PR9160.O6 N3 46500001141 12/12/2014 12/12/2014 Monograph ( Printed materials)

 

Arrupe Library. PO Box MP320 Mt Pleasant, Harare, Zimbabwe
263 242 745411|librarian@aju.ac.zw